Direitos das sucesse̳s

Bibliographic Details
Main Author: dos Reis, Dagma Paulino
Format: eBook
Language:Portuguese
Published: San Pablo: Pillares, 2020
Subjects:
Online Access:Acceso restringido

MARC

LEADER 00000nam a22000007a 4500
005 20200420225230.0
007 cr|||| ||||
008 200420s2020 br |||||s|||| 00||0 por d
020 |a 978-85-8183-127-5 
035 |a 31287 
040 |a vLex 
090 |c 10294  |d 10294 
100 1 |a dos Reis, Dagma Paulino 
245 1 0 |a Direitos das sucesse̳s  |h [Recurso electrn̤ico] /  |c Dagma Paulino dos Reis 
256 |a Servicio en ln̕ea 
260 |a San Pablo:  |b Pillares,  |c 2020 
300 |a 1 recurso electrn̤ico 
506 1 |a Disponible solo en los productos indicados  |d vLex Global  |d vLex Global (Academic Edition, excluding Law Schools)  |d vLex Global (U.S. Academic Edition, Law Schools)  |d vLex Global (U.S. Academic Edition, excluding Law Schools)  |d vLex Global (Academic Edition, Law Schools) 
650 0 4 |a Sucesiones  |z Brasil 
650 0 4 |a Procedimiento Civil  |z Brasil 
740 0 |a vLex Libros (Servicio en ln̕ea) 
856 4 0 |u http://vlex.com/source/direitos-das-sucess-es-31287  |z Acceso restringido 
942 |c BOOK 
999 0 |a Successions 
999 0 |a Civil Procedure